000 00375nam a22001457a 4500
003 SGT
020 _a9789388022675
082 _a616.07
_bDWI
100 _aDWIVEDI DR SHIVENDRO K
245 _aPRACTICAL LAB MANUAL OF PHARMACEUTICAL ORGANIC CHEMISTRY
260 _aINDIA
_bIP PUB
_c2023
300 _a84
650 _a PHARMACEUTICAL ORGANIC CHEMISTRY
942 _2ddc
_cBK
999 _c34257
_d34257